000 00415nam a22001577a 4500
003 MPLRDC
005 20220104162816.0
008 210129b ||||| |||| 00| 0 eng d
082 _a857.46 SNA-11 v.1
100 _aSHIH NAI-AN
245 _aWATER MARGIN VOLUUME ONE
_c
260 _a
_bTHE COMMERCIAL PRESS, LTD.
_c
300 _b
650 _a话本小说及章回--水浒传
942 _cBK
_o857.46 SNA-11 v.1
999 _c56145
_d56135